000 00536nam a2200181Ia 4500
008 100921s9999 xx 000 0 und d
082 _b19021
_a891.463 थ 84
100 _aमंगेशकर गीता.
245 _aदौलत.
260 _bप्रिया प्रकाशन,पुणे.
_c1984
300 _a193
_b---
365 _b45
520 _aललित-कादंबरी.
630 _aदौलत.
650 _aललित-कादंबरी.
730 _aदौलत.
942 _cBOOK
999 _c768134
_d768131